| 000 | 003890000a22001690004500 | ||
|---|---|---|---|
| 020 | _a81224000132 | ||
| 060 | _a100 | ||
| 082 | _a581.012 SUB | ||
| 100 | _aSubash Chandra, Datta | ||
| 245 | _aSystematic Botany | ||
| 250 | _a4th | ||
| 260 | _aNewdelhi, Wiley Eastern private Limited | ||
| 260 | _c1965 | ||
| 300 | _a645 | ||
| 650 | _aAngiosperms/ Botany/ Physiology | ||
| 942 | _cBK | ||
| 999 |
_c353220 _d353220 |
||